000
00328 a2200157 4500
001
58892
020
_a
8508081693
040
_c
Anchieta - Pituba
100
_a
Rigolin, Tércio Barbosa
240
1
0
_a
Geografia
_l
por
245
1
0
_a
Geografia
300
_a
464
362
0
_a
2002
650
4
_a
Geografia e viagens
942
_c
BK
999
_c
58892
_d
58892